000 00625nam a2200217Ii 4500
003 JO-AjNU
008 230606s9999||||xx |||||||||||||| ||und||
020 _a978-0-415-59649-7
040 _aJO-AjNU
_beng
_erda
_cJO-AjNU
041 _aeng
050 1 4 _aP90.F58 2010
100 3 _aFiske,John Editor,
_eauthor
_91609
245 0 0 _aIntroduction To Communication Studies
250 _a3 ed
264 3 1 _aNew York:Methuen&Co.Ltd,2010
300 _a195p
336 _atext
_btxt
_2rdacontent
337 _aunmediated
_bn
_2rdamedia
338 _avolume
_bnc
_2rdacarrier
650 4 _aIntroduction To Communication Studies
_91610
999 _aE844
_c844
_d844